| 000 | 00575nam a22002177a 4500 | ||
|---|---|---|---|
| 003 | Ost | ||
| 005 | 20260225031446.0 | ||
| 008 | 260225b |||||||| |||| 00| 0 eng d | ||
| 020 | _a9780333609057 | ||
| 040 | _cBT-PhCST | ||
| 050 | _a25593-25595 | ||
| 082 |
_222 _a674 _bDES |
||
| 100 | _aDesch, H. E | ||
| 245 | _aTimber structure, properties, conversion and use / | ||
| 250 | _a7th ed. | ||
| 260 |
_aLondon : _bMacmillan Press, _cc1996. |
||
| 300 |
_axii, 306 p. _bill. ; _c24 cm |
||
| 500 | _aIncludes index. | ||
| 700 | _a Dinwoodie, J. M. | ||
| 942 |
_2ddc _cGEOLOGY |
||
| 999 |
_c10126 _d10126 |
||